| 000 | 00372nas a2200121 4500 | ||
|---|---|---|---|
| 005 | 20211108145335.0 | ||
| 008 | 211108b ||||| |||| 00| 0 eng d | ||
| 022 | _a09705554 | ||
| 040 | _c | ||
| 245 | _aInteraction (Earlier journal of communication studies | ||
| 260 |
_aNational council of development communication association, Varanasi _bDec 2019 |
||
| 942 |
_2ddc _cPRO |
||
| 999 |
_c220441 _d220441 |
||